000
00299nam a2200121Ia 4500
008
180117s9999 xx 000 0 und d
100
_a
Julie Y Daza
245
_a
Medium Rare
260
_c
2017
300
_a
20-22 pages, 2017 September 24
440
_a
Philippine Panorama
650
_a
MEDIUM RARE
999
_c
353287
_d
353287